[Event "Steinfurt Bezirksliga 1011"]
[Site "Germany"]
[Date "2011.04.16"]
[Round "8.4"]
[White "Welzel, Wilhelm"]
[Black "Ulunque Villazon, Humberto"]
[Result "1/2-1/2"]
[WhiteElo "1518"]
[BlackElo "1608"]
[PlyCount "32"]
[EventDate "2010.10.02"]
[EventType "team-tourn"]
[EventRounds "9"]
[EventCountry "GER"]
[SourceTitle "EXT 2012"]
[Source "ChessBase"]
[SourceDate "2011.11.24"]
[SourceVersion "1"]
[SourceVersionDate "2011.11.24"]
[SourceQuality "1"]
[WhiteTeam "Ibbenbueren II"]
[BlackTeam "Saerbeck II"]
[WhiteTeamCountry "GER"]
[BlackTeamCountry "GER"]

1. e4 c5 2. Nf3 Nc6 3. d4 cxd4 4. Nxd4 g6 5. Nc3 a6 6. Be3 d6 7. Be2 Bg7 8. 0-0 Bd7 9. Qd2 Qc7 10. Nd5 Qd8 11. f3 Rc8 12. c4 Ne5 13. Rac1 e6 14. Nb6 Qxb6 15. Nxe6 Qxe3+ 16. Qxe3 fxe6 1/2-1/2

[Event "Steinfurt Bezirksliga 1011"]
[Site "Germany"]
[Date "2011.03.05"]
[Round "6.4"]
[White "Welzel, Wilhelm"]
[Black "Schulte, Ralf"]
[Result "0-1"]
[WhiteElo "1518"]
[BlackElo "1722"]
[PlyCount "70"]
[EventDate "2010.10.02"]
[EventType "team-tourn"]
[EventRounds "9"]
[EventCountry "GER"]
[SourceTitle "EXT 2012"]
[Source "ChessBase"]
[SourceDate "2011.11.24"]
[SourceVersion "1"]
[SourceVersionDate "2011.11.24"]
[SourceQuality "1"]
[WhiteTeam "Ibbenbueren II"]
[BlackTeam "Emsdetten Rochade II"]
[WhiteTeamCountry "GER"]
[BlackTeamCountry "GER"]

1. e4 c5 2. Nf3 Nc6 3. d4 cxd4 4. Nxd4 Nf6 5. Nc3 d6 6. Be2 e5 7. Nb3 Be7 8. 0-0 0-0 9. Kh1 a5 10. Be3 Be6 11. f3 a4 12. Nd2 d5 13. exd5 Nxd5 14. Nxd5 Bxd5 15. c4 Be6 16. Ne4 Qa5 17. Bd2 Qb6 18. Rc1 Rfd8 19. c5 Qxb2 20. Rb1 Qxa2 21. Rxb7 f5 22. Bb5 fxe4 23. Bxc6 Rxd2 24. Rxe7 Rxd1 25. Rxd1 exf3 26. gxf3 Kf8 27. Rxe6 Qxe6 28. Bxa8 Qb3 29. Rd7 a3 30. Bd5 Qb1+ 31. Kg2 a2 32. c6 a1Q 33. Rd8+ Ke7 34. Rd7+ Kf6 35. Rf7+ Kg6 0-1

[Event "Steinfurt Bezirksliga 1011"]
[Site "Germany"]
[Date "2010.12.04"]
[Round "3.4"]
[White "Richter, Alexander"]
[Black "Welzel, Wilhelm"]
[Result "0-1"]
[WhiteElo "1527"]
[BlackElo "1518"]
[PlyCount "58"]
[EventDate "2010.10.02"]
[EventType "team-tourn"]
[EventRounds "9"]
[EventCountry "GER"]
[SourceTitle "EXT 2012"]
[Source "ChessBase"]
[SourceDate "2011.11.24"]
[SourceVersion "1"]
[SourceVersionDate "2011.11.24"]
[SourceQuality "1"]
[WhiteTeam "Rheine SG"]
[BlackTeam "Ibbenbueren II"]
[WhiteTeamCountry "GER"]
[BlackTeamCountry "GER"]

1. d4 Nf6 2. c4 g6 3. Nc3 Bg7 4. e4 d6 5. f4 0-0 6. Nf3 c5 7. d5 Nbd7 8. Bd3 e6 9. dxe6 fxe6 10. 0-0 Nh5 11. Ne2 Ndf6 12. f5 exf5 13. exf5 gxf5 14. Bg5 Qe8 15. Bxf6 Nxf6 16. Nf4 Qe3+ 17. Kh1 Qxf4 18. h3 Ne4 19. Bxe4 fxe4 20. Qd5+ Kh8 21. Ng5 Qxf1+ 22. Rxf1 Rxf1+ 23. Kh2 Be5+ 24. g3 Rf2+ 25. Kh1 Bxh3 26. Nxh3 Rxb2 27. Qf7 Rg8 28. Kg1 Rxg3+ 29. Kf1 Rf3+ 0-1

[Event "Steinfurt Bezirksliga 0809"]
[Site "Germany"]
[Date "2008.11.22"]
[Round "3.4"]
[White "Welzel, Wilhelm"]
[Black "Brinkmann, Franz Josef"]
[Result "1-0"]
[WhiteElo "1620"]
[BlackElo "1698"]
[PlyCount "73"]
[EventDate "2008.09.27"]
[EventType "team-tourn"]
[EventRounds "9"]
[EventCountry "GER"]
[SourceTitle "EXT 2010"]
[Source "ChessBase"]
[SourceDate "2010.11.25"]
[SourceVersion "1"]
[SourceVersionDate "2010.11.25"]
[SourceQuality "1"]
[WhiteTeam "Ibbenbueren II"]
[BlackTeam "Rheine Klein Berlin II"]
[WhiteTeamCountry "GER"]
[BlackTeamCountry "GER"]

1. e4 c5 2. c4 Nc6 3. Nf3 d6 4. d4 cxd4 5. Nxd4 Nf6 6. Nc3 g6 7. Be2 Bg7 8. Be3 0-0 9. 0-0 a6 10. Qd2 Bd7 11. f3 Rc8 12. Kh1 Ne8 13. f4 Nf6 14. h3 Nxd4 15. Bxd4 Bc6 16. Qe3 Qe8 17. e5 Nd7 18. Bg4 Rb8 19. e6 Bxd4 20. exf7+ Qxf7 21. Qxd4 Nf6 22. Be2 Qe6 23. Kh2 Rbd8 24. Rae1 Qd7 25. Nd5 b5 26. Nxf6+ Rxf6 27. Bg4 Qb7 28. Be6+ Kg7 29. g4 Kf8 30. g5 Rxe6 31. Rxe6 Kf7 32. Rfe1 Re8 33. f5 Qc7 34. fxg6+ hxg6 35. Qf4+ Kg7 36. Qd4+ Kg8 37. Rxg6+ 1-0

[Event "Muensterland Verbandsklasse-A 0809"]
[Site "Germany"]
[Date "2008.10.11"]
[Round "2.7"]
[White "Welzel, Wilhelm"]
[Black "Stremmer, Hans Dieter"]
[Result "1/2-1/2"]
[WhiteElo "1583"]
[BlackElo "1858"]
[PlyCount "37"]
[EventDate "2008.09.13"]
[EventType "team-tourn"]
[EventRounds "9"]
[EventCountry "GER"]
[SourceTitle "EXT 2010"]
[Source "ChessBase"]
[SourceDate "2010.11.25"]
[SourceVersion "1"]
[SourceVersionDate "2010.11.25"]
[SourceQuality "1"]
[WhiteTeam "Ibbenbueren"]
[BlackTeam "Muenster SK III"]
[WhiteTeamCountry "GER"]
[BlackTeamCountry "GER"]

1. e4 c5 2. Nf3 d6 3. c4 Nc6 4. d4 cxd4 5. Nxd4 Nf6 6. Nc3 g6 7. Be2 Bg7 8. Be3 Bd7 9. 0-0 0-0 10. Qd2 a6 11. Rad1 Rc8 12. b3 Ng4 13. Bxg4 Bxg4 14. f3 Bd7 15. Kh1 b5 16. Nxc6 Bxc6 17. Nd5 bxc4 18. bxc4 Bxd5 19. Qxd5 1/2-1/2